Giáo trình tiếng Việt 2 : Giáo trình đào tạo Cử nhân Sư phạm Tiểu học
Trình bày đại cương về ngữ âm học tiếng Việt; từ vựng ngữ nghãi tiếng Việt
Tallennettuna:
| Päätekijä: | |
|---|---|
| Aineistotyyppi: | Kirja |
| Kieli: | Undetermined |
| Julkaistu: |
Hà Nội
Đại học Sư phạm
2013
|
| Aiheet: | |
| Tagit: |
Lisää tagi
Ei tageja, Lisää ensimmäinen tagi!
|
| Thư viện lưu trữ: | Trung tâm Học liệu Trường Đại học Cần Thơ |
|---|
| LEADER | 00915nam a2200241Ia 4500 | ||
|---|---|---|---|
| 001 | CTU_238690 | ||
| 008 | 210402s9999 xx 000 0 und d | ||
| 082 | |a 495.922 | ||
| 082 | |b A100 | ||
| 100 | |a Lê, A | ||
| 245 | 0 | |a Giáo trình tiếng Việt 2 : | |
| 245 | 0 | |b Giáo trình đào tạo Cử nhân Sư phạm Tiểu học | |
| 245 | 0 | |c Lê A, Đỗ Xuân Thảo, Lê Hữu Tỉnh | |
| 260 | |a Hà Nội | ||
| 260 | |b Đại học Sư phạm | ||
| 260 | |c 2013 | ||
| 520 | |a Trình bày đại cương về ngữ âm học tiếng Việt; từ vựng ngữ nghãi tiếng Việt | ||
| 526 | |a Tiếng Việt giáo dục tiểu học 1 | ||
| 526 | |b SG221 | ||
| 650 | |a Vietnamese language,Tiếng Việt | ||
| 650 | |x Study and teaching,Dạy và học | ||
| 904 | |i Tuyến | ||
| 980 | |a Trung tâm Học liệu Trường Đại học Cần Thơ | ||